Bramkarze z największą liczbą czystych kont w Lidze Mistrzów - Statystyki

Ogólne statystyki
  • Ten quiz został rozwiązany 41 razy
  • Średni wynik to 7 z 10
Statystyki odpowiedzi
Hint Odpowiedź % Poprawnych
61 Manuel Neuer
98%
53 Gianluigi Buffon
93%
59 Iker Casillas
93%
49 Petr Cech
66%
51 Edwin van der Sar
63%
45 Víctor Valdés
63%
35 Dida
56%
33 Ederson
56%
35 Jan Oblak
54%
34 Oliver Kahn
54%
Nie znaleziono quizów pasujących do podanych kryteriów
Rozkład punktacji
Procent ludzi z każdym wynikiem
Percentyl według liczby udzielonych odpowiedzi
Twoja historia wyników
Nie rozwiązałeś tego quizu